000
00322nam a2200145Ia 4500
100
_a
John/K.C
650
_a
Metal Casting
942
_c
BK
366
_f
25
654
_a
metal casting
245
_a
Metal casting and joining
260
_b
Prentice -Hall of India
_c
2015
300
_a
554
546
_a
ENGLISH
_c
Info.Tech
999
_c
23902
_d
23902